Biblioteca

Semilleros de investigación infantil; acercamiento a diversas iniciativas para el fomento de la investigación infantil con miras a la formulación de un proyectos de trabajo en BINCO / Santiago Benavides , Diana Lucia Peñuela , William Urango (Registro nro. 42967)

Detalles MARC
000 -LÍDER
Campo fijo de descripción fija 011670000a22001570004500
001 - NÚMERO DE CONTROL
Campo de control 14054
100 1# - ASIENTO PRINCIPAL--NOMBRE PERSONAL
Nombre personal Benavides, Santiago
245 10 - TÍTULO
Título del Material Semilleros de investigación infantil; acercamiento a diversas iniciativas para el fomento de la investigación infantil con miras a la formulación de un proyectos de trabajo en BINCO / Santiago Benavides , Diana Lucia Peñuela , William Urango
260 ## - PUBLICACIÓN, DISTRIBUCIÓN, ETC. (PIE DE IMPRENTA)
Lugar de publicación, distribución, etc. Medellín : FUSBC
300 ## - DESCRIPCIÓN FÍSICA
Extensión 107 p.
650 14 - ASIENTO SECUNDARIO DE MATERIA - TERMINO TEMÁTICO
Término temático o nombre geográfico como elemento de entrada BIBLIOTECAS INFANTILES \ LIBROS Y LECTURA PARA NIÑOS \ EDUCACION - INVESTIGACIONES - NIÑOS \ EDUCACION - INVESTIGACIONES - NIÑOS
942 ## - TIPO DE MATERIAL (KOHA)
Tipo de Item KOHA Libros General
Existencias
Estado de Material Estado de Perdido Estado de Dañado No para Préstamo Colección Tomo Biblioteca de Origen Biblioteca Permanente Fecha de Adquisición Total de Préstamos Signatura Topográfica Código de Barras Última vez visto Ejemplar/Existencia Fecha de Remplazo Tipo de Material
        Trabajos de grado   Biblioteca FUSBC Biblioteca FUSBC 25/06/2009   T B4312s 17032 12/12/2019 1 26/01/2016 Trabajos de Grado

Biblioteca FUSBC | Teléfono: (57+4) 349 88 10 Ext. 141| WhatsApp (+57) 3005338115 
E-mail: biblioteca@unisbc.edu.co | Calle 76 87-14 Robledo Palenque, Medellín, Colombia

Con tecnología Koha